Guess my Bias (Male) Quiz Stats

Quiz not verified by Sporcle

Also try: Famous Johns
Challenge
Share
Tweet
Score 0/45 Timer 15:00
0 Plays Today
% Correct
JB
95.2%
Suga
82.6%
Lay
81.7%
S.Coups
71.3%
I.M
67.1%
Taeyong
61.7%
Daehyun
59.3%
Moonbin
58.1%
Minhyuk
57.2%
Woohyun
56%
Jay Park
54.5%
Kevin
53.9%
Minhyuk
52.4%
Junhoe
50.6%
C.A.P
50.3%
Jae
49.7%
U-Kwon
49.7%
Yesung
48.5%
Wooyoung
46.7%
CNU
46.4%
Hongki
45.5%
Junsu
43.4%
Seunghoon
40.1%
% Correct
Mir
39.5%
Hansol
37.4%
JR
36.2%
Junhyung
36.2%
Seungjun
32%
Bitto
29%
Jinwoon
26.3%
Taewoon
23.4%
Kidoh
23.4%
Rome
21.6%
#Gun
19.5%
B:eta
17.1%
Loco
15.9%
Benji
15.6%
SE7EN
15%
5Zic
13.2%
Chaejin
13.2%
Jian
10.8%
Simon
8.7%
Jooyoung
7.2%
Lito
6.9%
J-Hyo
5.1%

You're not logged in!

Compare scores with friends on all Sporcle quizzes.
Join for Free
OR
Log In

You Might Also Like...

Show Comments

Extras

Top Quizzes Today


Score Distribution

Your Account Isn't Verified!

In order to create a playlist on Sporcle, you need to verify the email address you used during registration. Go to your Sporcle Settings to finish the process.

Report this User

Report this user for behavior that violates our Community Guidelines.

Details: